<?xml version="1.0" encoding="UTF-8"?>
<record
    xmlns:xsi="http://www.w3.org/2001/XMLSchema-instance"
    xsi:schemaLocation="http://www.loc.gov/MARC21/slim http://www.loc.gov/standards/marcxml/schema/MARC21slim.xsd"
    xmlns="http://www.loc.gov/MARC21/slim">

  <leader>01681nam a22002657a 4500</leader>
  <datafield tag="999" ind1=" " ind2=" ">
    <subfield code="c">21826</subfield>
    <subfield code="d">21826</subfield>
  </datafield>
  <controlfield tag="003">AR-CdUCM</controlfield>
  <controlfield tag="008">190425b           ||||| |||| 00| 0 spa d</controlfield>
  <datafield tag="040" ind1=" " ind2=" ">
    <subfield code="a">MUNICIPALIDAD PROVINCIAL DEL CUSCO</subfield>
    <subfield code="c">BIBLIOTECA MUNICIPAL DEL CUSCO</subfield>
  </datafield>
  <datafield tag="082" ind1=" " ind2=" ">
    <subfield code="a">Rev.Allp/N&#xB0;71/2008</subfield>
  </datafield>
  <datafield tag="110" ind1=" " ind2=" ">
    <subfield code="a">Instituto de Pastoral Andina</subfield>
    <subfield code="9">12766</subfield>
  </datafield>
  <datafield tag="245" ind1=" " ind2=" ">
    <subfield code="a">Allpanchis Phuturinqa :</subfield>
    <subfield code="b">Revista Anual /</subfield>
  </datafield>
  <datafield tag="260" ind1=" " ind2=" ">
    <subfield code="a">Lima :</subfield>
    <subfield code="b">Lettera Gr&#xE1;fica,</subfield>
    <subfield code="c">2008.</subfield>
  </datafield>
  <datafield tag="300" ind1=" " ind2=" ">
    <subfield code="a">276 p&#xE1;ginas. :</subfield>
    <subfield code="c">20 cm.</subfield>
  </datafield>
  <datafield tag="440" ind1=" " ind2=" ">
    <subfield code="a">Revista del Instituto de Pastoral Andina Cusco</subfield>
    <subfield code="n">A&#xF1;o XXXIX, 2008,N&#xB0;71. Primer semestre.</subfield>
    <subfield code="9">46285</subfield>
  </datafield>
  <datafield tag="505" ind1=" " ind2=" ">
    <subfield code="a">Contenido: El aparato de gobierno y justicia indiano a partir de las reformas avandinas. Rafael Diego Fern&#xE1;ndez Sotelo. -- La cultura jur&#xED;dica en el Per&#xFA; virreinal. Jos&#xE9; de la Puente Brunke. -- Los oidores de la Real Audiencia de Lima en la segunda mitad del siglo XVI. Sergio Angeli. -- Entre la vara y los indios la sociedad de Charcas frente a parejas imposibles 1560-1580. Ana Mar&#xED;a Presta. -- Entre el pecado y delito la administraci&#xF3;n de la justicia y los l&#xED;mites documentales para el estudio de la sodom&#xED;a en el virreinato del Per&#xFA; siglos XVI-XVII. Fernanda Molina. -- La liturgia penal en la justicia colonial. Carlos Alberto Garc&#xE9;s. --  C&#xE1;rcel y presidios en C&#xF3;rdoba del Tucum&#xE1;n siglo XVIII. Marcela Aspell.</subfield>
  </datafield>
  <datafield tag="650" ind1=" " ind2=" ">
    <subfield code="a">Sistema jur&#xED;dico </subfield>
    <subfield code="9">4295</subfield>
  </datafield>
  <datafield tag="650" ind1=" " ind2=" ">
    <subfield code="a">Justicia colonial</subfield>
    <subfield code="9">46286</subfield>
  </datafield>
  <datafield tag="650" ind1=" " ind2=" ">
    <subfield code="a">Administraci&#xF3;n de la justicia</subfield>
    <subfield code="9">46287</subfield>
  </datafield>
  <datafield tag="700" ind1=" " ind2=" ">
    <subfield code="a">Fern&#xE1;ndez Sotelo, Rafael Diego</subfield>
    <subfield code="9">46288</subfield>
  </datafield>
  <datafield tag="700" ind1=" " ind2=" ">
    <subfield code="a">De la Puente Brunke, Jos&#xE9;</subfield>
    <subfield code="9">46289</subfield>
  </datafield>
  <datafield tag="700" ind1=" " ind2=" ">
    <subfield code="a">Aspell, Marcela</subfield>
    <subfield code="9">46290</subfield>
  </datafield>
  <datafield tag="942" ind1=" " ind2=" ">
    <subfield code="2">ddc</subfield>
    <subfield code="c">PP</subfield>
  </datafield>
  <datafield tag="945" ind1=" " ind2=" ">
    <subfield code="a">rac</subfield>
  </datafield>
  <datafield tag="952" ind1=" " ind2=" ">
    <subfield code="0">0</subfield>
    <subfield code="2">ddc</subfield>
    <subfield code="4">0</subfield>
    <subfield code="7">0</subfield>
    <subfield code="a">HEM</subfield>
    <subfield code="b">HEM</subfield>
    <subfield code="c">CART</subfield>
    <subfield code="d">2021-08-18</subfield>
    <subfield code="g">10.00</subfield>
    <subfield code="o">Rev.Allp/N&#xB0;71/2008</subfield>
    <subfield code="p">REVC000298</subfield>
    <subfield code="r">2021-08-18</subfield>
    <subfield code="y">PP</subfield>
  </datafield>
</record>
